| 000 | 00650nam a2200217 u 4500 | ||
|---|---|---|---|
| 005 | 20240426063919.0 | ||
| 008 | 170524s1983 mx r 000 0 spa d | ||
| 020 | _a9684440286 | ||
| 035 | _aUPN01000218117 | ||
| 049 | _aCG | ||
| 050 | 4 |
_aPN4128 _bM3.2 |
|
| 100 | 1 |
_aMcEntee de Madero, Eileen, _d1942- _929648 |
|
| 245 | 1 | 0 |
_aComunicación oral : _belaboración de discursos informativos / _cEileen McEntee Madero. |
| 260 |
_aMéxico : _bAlhambra, _c1983. |
||
| 300 |
_a262 p. : _btablas |
||
| 440 | 0 | _aAlhambra universidad | |
| 650 | 4 |
_aComunicación oral _93602 |
|
| 650 | 7 |
_aHablar en público _2 _9173 |
|
| 905 | _aLibro | ||
| 999 |
_c190217 _d190217 |
||